000 01520nam a22002897a 4500
001 BRCA_9272
003 FranzMayer
005 20230719135303.0
008 230719b |||||||| |||| 00| 0 eng d
040 _aMFM
_besp
_cMFM
050 4 _aLE53
_bN68 1787
082 _2BT199
110 1 _4Responsable
_aNovis curis emendata
_baufla
_928868
240 1 _aUniversae Christianae theologiae Elementa Dogmatica, Historica, Critica
_hTomus secundus Antonii genuensis olim in regia neapolitana universitate P.P.P.
_lLatín
245 0 _aUniversae Christianae theologiae Elementa Dogmatica, Historica, Critica
_bTomus secundus Antonii genuensis olim in regia neapolitana universitate P.P.P.
250 _aTercera edición
_bEditio Tertia
260 _aVenecia, Italia
_bBaptistae Pasquali
_c1787
300 _a412 p
_bilustraciones
_c18 cm.
440 _aUniversae Christianae theologiae Elementa Dogmatica, Historica, Critica
_nAntonii genuensis olim in regia neapolitana universitate P.P.P.
_pTomus Secundus
_vVol 2.
_928869
500 _aPrivilegio de la Corona Española
500 _aAl inicio del libro contiene un sello con las iniciales R.S.C
500 _aAlgunas partes del libro están manchadas con una mezcla negra.
505 0 _aTexto en: latínDirigido a: teólogos, historiadores, investigadores.Incluye índice (temático)
650 1 _2Religión
_aReligión cristiana
_vTeología
_928870
651 2 _2Religión
_aHistoria y principios de la religión
_vEstudios religiosos
_928871
942 _2lcc
_cB
999 _c10891
_d10891